00456nam a2200109Ia 4500008004100000100002600041245014900067260003000216300001800246650001400264856006800278160712s9999 xx 000 0 und d aArcilla, Esperanza I. cEsperanza I. Arcilla, Rosanelia T. YangcoaLife-Based Narratives: Effects on Student Concept Understanding and Decision-Making Skills in Biology c2013bEducation Quarterly avol. 71 no. 2 xEDUCATION uhttp://journals.upd.edu.ph/index.php/edq/article/view/3881/3539